Score 0/12 Timer 02:00
0 Plays Today
Clue 4-Letter Word % Correct
Corrosion on iron due to moistureRUST
97.3%
The smallest of the litterRUNT
96.2%
'One if by ___, and two if by sea'LAND
93.3%
Talk in a noisy, excited mannerRANT
89.2%
South African currencyRAND
85.1%
★ Co-star in this Cusack Rom-Com: Diane ___
Part of a highway
★ LANE ★
72.9%
★ 2005 John Cusack Rom-Com: [Rung 1] [Rung 9] [Rung 12] ★
Has to
★ MUST ★
58.3%
To washLAVE
56.8%
★ 2005 John Cusack Rom-Com: [Rung 1] [Rung 9] [Rung 12] ★
Zero, in tennis
★ LOVE ★
55%
★ 2005 John Cusack Rom-Com: [Rung 1] [Rung 9] [Rung 12] ★
Canines
★ DOGS ★
45.9%
Seating section in a sports stadium or theatreLOGE
40.2%
Chief magistrate in old VeniceDOGE
37.8%

Today's Daily Dose

You're not logged in!

Compare scores with friends on all Sporcle quizzes.
OR
Log In

Sporcle TV

Today on Sporcle TV


Watch our educational content, quiz creation guides, and fun videos on Sporcle TV.

Show Comments

Extras

Top Quizzes Today


Score Distribution

Paid Content

Your Account Isn't Verified!

In order to create a playlist on Sporcle, you need to verify the email address you used during registration. Go to your Sporcle Settings to finish the process.

Report this User

Report this user for behavior that violates our Community Guidelines.

Details: